Twnty-eight months in Kerala (Record no. 375046)

000 -LEADER
fixed length control field 00385cam a22001337a 4500
008 - FIXED-LENGTH DATA ELEMENTS--GENERAL INFORMATION
fixed length control field 180718b1959 xxu||||| |||| 00| 0 eng d
082 ## - DEWEY DECIMAL CLASSIFICATION NUMBER
Classification number B6x5453 N15
100 ## - MAIN ENTRY--PERSONAL NAME
Personal name Namboodiripad, E.M.S
245 ## - TITLE STATEMENT
Title Twnty-eight months in Kerala
Statement of responsibility, etc. by E.M.S Namboodiripad
260 ## - PUBLICATION, DISTRIBUTION, ETC.
Place of publication, distribution, etc. New Delhi
Name of publisher, distributor, etc. People's Pub. House
Date of publication, distribution, etc. 1959
300 ## - PHYSICAL DESCRIPTION
Extent 60p.
500 ## - GENERAL NOTE
General note Rs.0.75
650 ## - SUBJECT ADDED ENTRY--TOPICAL TERM
Topical term or geographic name entry element State Govt - India (Kerala)
Holdings
Withdrawn status Lost status Damaged status Not for loan Permanent Location Current Location Date acquired Full call number Barcode Date last seen Price effective from Koha item type
        Indian Institute of Public Administration Indian Institute of Public Administration 1994-07-11 B6x5453 N15 20284 2018-07-21 2018-07-21 Book

Powered by Koha